| 000 | 00863nam a2200181Ia 4500 | ||
|---|---|---|---|
| 008 | 100921s9999 xx 000 0 und d | ||
| 082 |
_b41501 _a294.5 थ 34 |
||
| 100 | _aराधाकृष्णन,अनु.मेहता बाळूभाई. | ||
| 245 | _aहिंंदुधर्माची मूलतत्वे आणि पुनर्घटना. | ||
| 260 |
_bसुलभ राष्ट्रीय ग्रंथमाला,पुणे. _c1934 |
||
| 300 |
_a147 _b--- |
||
| 365 | _b1 | ||
| 520 | _aधर्म-हिंदु. | ||
| 630 | _aहिंंदुधर्माची मूलतत्वे आणि पुनर्घटना. | ||
| 650 | _aधर्म-हिंदु. | ||
| 730 | _aहिंंदुधर्माची मूलतत्वे आणि पुनर्घटना. | ||
| 942 | _cBOOK | ||
| 999 |
_c790614 _d790611 |
||